000 00305nam a2200121Ia 4500
005 20251222141945.0
008 251222s9999||||xx |||||||||||||| ||spa||
082 _a531/G14
100 _aGalilei, Galileo
245 0 _aDiálogos Acerca de Dos Nuevas Ciencias
264 _bMagisterio Argentino
942 _cLIB
999 _c9482
_d9482